| 000 | 00415pam a2200157 a 4500 | ||
|---|---|---|---|
| 020 |
_a0195622308 _c |
||
| 041 | _aeng | ||
| 082 |
_a616.025 _bVAK |
||
| 100 | _aVAKIL, R.J. | ||
| 245 |
_aDIAGNOSIS & MANAGEMENT OF MEDICAL EMERGENCIES / _cNULL. _hTextual Documents |
||
| 250 |
_a3 ED / _b. |
||
| 260 |
_aNULL : _bOXFORD UNIVERSITY PRESS , _c1988. |
||
| 300 |
_a475 : _cA4. |
||
| 930 | _a57 | ||
| 999 |
_c794596 _d794596 |
||
| 650 | _aGEN.MEDICINE | ||